[Event "Stay Safe Play From Home 264"]
[Site "Emanuel Lasker Arena"]
[Date "2020.06.29"]
[Round "4"]
[White "Lazieri3"]
[Black "AChessPlayer"]
[Result "1-0"]
[WhiteElo "1990"]
[BlackElo "2226"]
[Annotator "TA"]
[PlyCount "63"]
[EventDate "2020.06.29"]
[EventType "swiss (blitz)"]

{[%evp 12,62,7,7,6,-21,0,-22,-10,-22,-13,-25,-15,-16,0,-20,0,0,36,0,0,0,10,0,0,0,6,12,29,21,137,72,60,0,0,5,288,7,216,228,229,243,262,269,255,270,334,318,341,312,6304,5294,29999]} 1. e4 d6 2. d4 Nf6 3. Nc3 Nbd7 4. Nf3 e5 5. dxe5 dxe5 6. Bc4 Be7 7. O-O c6 {C41: Philidor Defence.} 8. Bg5 (8. a4 {feels hotter.} Qc7 9. h3 a5 10. Qe2 O-O 11. Be3) 8... Qc7 (8... h6 {looks sharper.} 9. Be3 b5 10. Bd3 Qc7 11. a4 b4) 9. h3 O-O {The position is equal.} (9... h6 {is interesting.} 10. Bh4 b5 11. Bd3 Nc5 12. Qe2 O-O) 10. Qe2 Re8 {[#]} 11. Rfe1 $146 ({Predecessor:} 11. Bh4 h6 12. Rad1 b5 13. Bb3 a5 14. a4 b4 15. Nb1 Nc5 16. Nbd2 Ba6 17. Bc4 Bxc4 18. Qxc4 Nxa4 {1-0 (31) Moreda,L-Aguilar,V Moreno 1995}) 11... Nf8 {[%cal Bd7f8,Bf8e6,Be6f4][%mdl 32]} 12. Rad1 Ne6 13. Bh4 b5 14. Bb3 a6 15. a3 Nf4 16. Qe3 h6 17. Bg3 {aiming for Nxe5!} N6h5 18. Bh2 a5 19. a4 b4 20. Ne2 c5 {[#]} (20... Ng6 $11 {remains equal.}) 21. Nxf4 (21. Nxe5 $142 $1 {[%mdl 512]} Qxe5 22. Nxf4 Nxf4 23. Qxf4 Qxf4 24. Bxf4) 21... exf4 $16 22. Qe2 (22. Bd5 $14 fxe3 23. Bxc7) 22... Ba6 $11 23. Bc4 $36 {[%mdl 2048] White has some pressure.} Bb7 $2 {[%mdl 8192]} (23... Bxc4 $11 24. Qxc4 Rad8) 24. Bd5 $2 ({White should try} 24. e5 $18) 24... Bc6 $2 {[#]} (24... Ba6 $11 {and Black is okay.} 25. Bc4 Bxc4 26. Qxc4 Rad8) 25. Bxc6 $1 $18 {[%mdl 64] Overworked Piece} Qxc6 26. Ne5 $1 {[%csl LRc6,LRh5][%mdl 64] Discovered Attack} Qe6 27. Qxh5 g6 28. Nxg6 $1 ({Not} 28. Qxh6 Qxe5 29. Bxf4 Qxb2 $14) 28... fxg6 29. Qxh6 f3 30. Rd5 {Strongly threatening Be5.} Rad8 $2 (30... Bf8 31. Qg5 Be7) 31. Be5 {[%csl Ge5][%cal Rh6g7]} Rf8 32. Qg7# {Accuracy: White = 67%, Black = 48%.} 1-0

[Event "Stay Safe Play From Home 264"]
[Site "Emanuel Lasker Arena"]
[Date "2020.06.29"]
[Round "4"]
[White "NeatFox"]
[Black "Weltszmerc"]
[Result "1-0"]
[WhiteElo "1781"]
[BlackElo "2028"]
[Annotator "TA"]
[PlyCount "49"]
[EventDate "2020.06.29"]
[EventType "swiss (blitz)"]

{[%evp 9,48,-114,-127,-144,-143,-128,-132,-142,-138,-127,-133,-124,-141,-122,-74,-160,-171,-175,-167,-156,-173,-202,-83,-66,-16,-69,-80,-140,0,-210,-173,-558,-390,-527,-325,-348,29997,29998,29998,29999,29999]} 1. g4 d5 2. Bg2 Bxg4 3. c4 c6 4. cxd5 cxd5 5. Qb3 Nf6 $1 6. Qxb7 {A00: Irregular Openings.} Nbd7 7. Nc3 e6 8. Nb5 {Black is clearly better.} Rc8 9. Qxa7 Bc5 10. Qa4 O-O 11. d4 Nb6 {[#]} 12. Qd1 $146 ({White should play} 12. Qb3 Be7 13. Nf3) ({Predecessor:} 12. Qb3 Be7 13. Nf3 Nc4 14. O-O Qb6 15. e3 Bf5 16. Nc3 Qa7 17. Qd1 Rb8 18. b3 {0-1 (36) Buzas,N-Taucius,M Vilnius 1995}) 12... Bb4+ $17 13. Bd2 Bxd2+ 14. Qxd2 Nc4 15. Qb4 Qb6 (15... Ne4 $1 $19 {[%cal Re4f2] has better winning chances.} 16. Bxe4 dxe4) 16. a4 Rb8 17. e3 (17. Nf3 $11) 17... Rfc8 {Strongly threatening ...e5.} 18. Rc1 {[#]} (18. h3 $142 Bf5 19. Ne2) 18... Na5 (18... Nxb2 $1 $17 {[%mdl 512]} 19. Rxc8+ (19. Qxb2 Qa5+ 20. Kf1 Qxa4 $17) 19... Rxc8 20. Qxb2 Qa5+ {[%mdl 64] Double Attack} 21. Kf1 Qxa4) 19. Rxc8+ $2 (19. Ne2 $11 {and White has nothing to worry.}) 19... Rxc8 $19 {[%cal Bb8c8,Bc8c4,Bc4a4][%mdl 32]} 20. Nf3 $2 (20. Ne2 Bxe2 21. Kxe2 Rc2+ 22. Kd1 Rxf2 23. Bf1) 20... Rc4 21. Qe7 Rxa4 22. Ne5 Qxb5 $4 {[%mdl 8192]} ({Weaker is} 22... Ra1+ 23. Kd2 $17) (22... Bh5 $19 23. O-O Qxb5) 23. Qxf7+ {White mates.} Kh8 24. Qf8+ Ng8 25. Nf7# {Accuracy: White = 48%, Black = 25%.} 1-0

[Event "Stay Safe Play From Home 264"]
[Site "Emanuel Lasker Arena"]
[Date "2020.06.29"]
[Round "4"]
[White "Cirovicz"]
[Black "Edmatuag"]
[Result "0-1"]
[WhiteElo "1759"]
[BlackElo "1669"]
[Annotator "NA RC"]
[PlyCount "152"]
[EventDate "2020.06.29"]
[EventType "swiss (blitz)"]

1. e4 {[%emt 0:00:01]} c5 {[%emt 0:00:02]} 2. Nf3 {[%emt 0:00:01]} d6 {[%emt 0:00:01]} 3. Bc4 {[%emt 0:00:01]} Nf6 {[%emt 0:00:01]} 4. Nc3 {[%emt 0:00:01]} Nc6 {[%emt 0:00:01]} 5. d3 {[%emt 0:00:01]} Bg4 {[%emt 0:00:01]} 6. Bg5 {[%emt 0:00:01]} e6 {[%emt 0:00:01]} 7. Bxf6 {[%emt 0:00:01]} Qxf6 {[%emt 0:00:02]} 8. h3 {[%emt 0:00:01]} Bxf3 {[%emt 0:00:01]} 9. Qxf3 {[%emt 0:00:02]} Qxf3 {[%emt 0:00:01]} 10. gxf3 {[%emt 0:00:01]} Ne5 {[%emt 0:00:01]} 11. Bb5+ {[%emt 0:00:01]} Kd8 {[%emt 0:00:05]} 12. f4 {[%emt 0:00:03]} Nf3+ {[%emt 0:00:02]} 13. Ke2 {[%emt 0:00:01]} Nd4+ {[%emt 0:00:01]} 14. Kd2 {[%emt 0:00:03]} Nf3+ {[%emt 0:00:06]} 15. Ke3 {[%emt 0:00:04]} Nd4 {[%emt 0:00:01]} 16. Rac1 {[%emt 0:00:01]} a6 {[%emt 0:00:02]} 17. Ba4 {[%emt 0:00:02]} b5 {[%emt 0:00:01]} 18. Bb3 {[%emt 0:00:01]} a5 {[%emt 0:00:01]} 19. a4 {[%emt 0:00:02]} b4 {[%emt 0:00:07]} 20. Nb5 {[%emt 0:00:02]} Nxb5 {[%emt 0:00:02]} 21. axb5 {[%emt 0:00:01]} Kc7 {[%emt 0:00:03]} 22. c3 {[%emt 0:00:01]} Kb6 {[%emt 0:00:02]} 23. cxb4 {[%emt 0:00:01]} axb4 {[%emt 0:00:01]} 24. Bc4 {[%emt 0:00:02]} Be7 {[%emt 0:00:02]} 25. Ra1 {[%emt 0:00:01]} Bf6 {[%emt 0:00:02]} 26. Rxa8 {[%emt 0:00:11]} Rxa8 {[%emt 0:00:02]} 27. b3 {[%emt 0:00:01]} Bd4+ {[%emt 0:00:06]} 28. Kf3 {[%emt 0:00:02]} Ra2 {[%emt 0:00:02]} 29. Rf1 {[%emt 0:00:05]} Kc7 {[%emt 0:00:08]} 30. h4 {[%emt 0:00:02]} Kd7 {[%emt 0:00:05]} 31. h5 {[%emt 0:00:04]} h6 {[%emt 0:00:03]} 32. Kg3 {[%emt 0:00:04]} Ke7 {[%emt 0:00:03]} 33. f3 {[%emt 0:00:01]} Kf6 {[%emt 0:00:14]} 34. Rd1 {[%emt 0:00:08]} Rc2 {[%emt 0:00:15]} 35. b6 {[%emt 0:00:02]} d5 {[%emt 0:00:26]} 36. b7 {[%emt 0:00:09]} dxc4 {[%emt 0:00:05]} 37. e5+ {[%emt 0:00:07]} Ke7 {[%emt 0:00:12]} 38. dxc4 {[%emt 0:00:02]} Bf2+ {[%emt 0:00:03]} 39. Kh3 {[%emt 0:00:02]} Bd4 {[%emt 0:00:04]} 40. b8=Q {[%emt 0:00:04]} Rc3 {[%emt 0:00:01]} 41. Qd8+ {[%emt 0:00:02]} Kxd8 {[%emt 0:00:02]} 42. Kg4 {[%emt 0:00:03]} Rxb3 {[%emt 0:00:02]} 43. Rc1 {[%emt 0:00:01]} Ra3 {[%emt 0:00:00]} 44. Rc2 {[%emt 0:00:01]} b3 {[%emt 0:00:00]} 45. Rc1 {[%emt 0:00:04]} b2 {[%emt 0:00:00]} 46. Rb1 {[%emt 0:00:02]} Ra1 {[%emt 0:00:00]} 47. Rxb2 {[%emt 0:00:01]} Bxb2 {[%emt 0:00:00]} 48. f5 {[%emt 0:00:00]} Rg1+ {[%emt 0:00:00]} 49. Kf4 {[%emt 0:00:01]} Bc1+ {[%emt 0:00:00]} 50. Ke4 {[%emt 0:00:01]} exf5+ {[%emt 0:00:00]} 51. Kxf5 {[%emt 0:00:01]} Ke7 {[%emt 0:00:00]} 52. f4 {[%emt 0:00:01]} Re1 {[%emt 0:00:01]} 53. e6 {[%emt 0:00:02]} Rf1 {[%emt 0:00:00]} 54. exf7 {[%emt 0:00:01]} Rxf4+ {[%emt 0:00:01]} 55. Ke5 {[%emt 0:00:01]} Rxf7 {[%emt 0:00:00]} 56. Kd5 {[%emt 0:00:01]} Rf5+ {[%emt 0:00:01]} 57. Kc6 {[%emt 0:00:02]} Kf6 {[%emt 0:00:00]} 58. Kb5 {[%emt 0:00:00]} Kg5 {[%emt 0:00:00]} 59. Ka4 {[%emt 0:00:00]} Kxh5 {[%emt 0:00:00]} 60. Kb3 {[%emt 0:00:00]} Kg4 {[%emt 0:00:00]} 61. Kc2 {[%emt 0:00:00]} Rf4 {[%emt 0:00:00]} 62. Kd3 {[%emt 0:00:01]} Rxc4 {[%emt 0:00:00]} 63. Kxc4 {[%emt 0:00:01]} Be3 {[%emt 0:00:00]} 64. Kd5 {[%emt 0:00:01]} Kf3 {[%emt 0:00:00]} 65. Kc4 {[%emt 0:00:01]} h5 {[%emt 0:00:00]} 66. Kc3 {[%emt 0:00:00]} h4 {[%emt 0:00:00]} 67. Kc2 {[%emt 0:00:00]} h3 {[%emt 0:00:00]} 68. Kd3 {[%emt 0:00:00]} h2 {[%emt 0:00:00]} 69. Kc4 {[%emt 0:00:00]} h1=Q {[%emt 0:00:00]} 70. Kd5 {[%emt 0:00:00]} Qh5+ {[%emt 0:00:00]} 71. Kc4 {[%emt 0:00:01]} Bd4 {[%emt 0:00:01]} 72. Kd3 {[%emt 0:00:00]} Qe5 {[%emt 0:00:00]} 73. Kc2 {[%emt 0:00:01]} Qe2+ {[%emt 0:00:00]} 74. Kb3 {[%emt 0:00:01]} Ke3 {[%emt 0:00:00]} 75. Ka3 {[%emt 0:00:01]} Qb5 {[%emt 0:00:00]} 76. Ka2 {[%emt 0:00:01]} Qb2# {[%emt 0:00:01] (Lag: Av=0.74s, max=1.3s)} 0-1

[Event "Stay Safe Play From Home 264"]
[Site "Emanuel Lasker Arena"]
[Date "2020.06.29"]
[Round "4"]
[White "Timbre"]
[Black "Matanant"]
[Result "0-1"]
[WhiteElo "1691"]
[BlackElo "1909"]
[Annotator "TA"]
[PlyCount "98"]
[EventDate "2020.06.29"]
[EventType "swiss (blitz)"]

{[%evp 9,97,32,35,17,20,11,9,8,37,31,36,15,42,-2,2,10,18,-7,13,10,12,8,20,-14,-3,-13,0,-25,-6,-14,0,-6,12,21,37,33,49,-121,71,0,210,212,225,218,223,178,299,19,24,0,0,0,0,0,0,0,176,0,0,0,0,0,0,0,281,-10,-8,-52,-66,-50,-45,-310,-308,-285,-204,-265,-202,-439,-199,-190,-182,-1393,-1462,-29992,-29993,-29996,-29997,-29997,-29998,-29999]} 1. d4 e6 2. Nf3 f5 3. c3 Nf6 4. Bf4 d5 5. e3 Bd6 6. Bg3 {A80: Dutch Defence: Unusual White second moves.} O-O 7. Be2 Ne4 8. Nbd2 {The position is equal.} c5 9. Bxd6 Qxd6 10. Ne5 {[#]} c4 $146 ({Predecessor:} 10... b6 11. O-O Ba6 12. a4 Bxe2 13. Qxe2 Nc6 14. Nxc6 Qxc6 15. Nf3 Rfc8 16. Ne5 Qe8 {0-1 (56) Kues,J (2137)-Kaliski,E (2266) Hessen 2017}) 11. Ndf3 Bd7 12. O-O Be8 13. h3 Nd7 14. Nxd7 Qxd7 15. Ne5 Qc7 16. Bh5 b5 17. Bxe8 Raxe8 18. a3 a5 19. f3 Ng3 20. Rf2 f4 21. exf4 Rxf4 22. Qd2 $36 {[%mdl 2048] White is pushing.} Ref8 {Threatening ...Ne4!} 23. Re1 $2 {[#]} (23. Qe3 $14 {stays ahead.}) 23... g5 $2 (23... Ne4 $1 $17 {[%cal Re4d2][%mdl 512]} 24. Qe3 (24. fxe4 Rxf2) 24... Nxf2 25. Qxf2 Qd6) 24. Ng4 ({White should try} 24. Qe3 $16) 24... Qd6 $2 (24... h5 $1 $11 25. Ne5 R4f5) 25. Re5 $18 Nf5 26. Rfe2 Ng7 27. Qe1 h5 (27... Qd8 $142 28. Rxe6 Nxe6 29. Rxe6 Qb8) 28. Nf2 $2 (28. Rxg5 $18 {Rxe6 is the strong threat.} Qe7 29. h4 (29. Nh6+ Kh7 $16) 29... hxg4 30. Rxe6) 28... R4f5 29. Rxf5 Rxf5 30. Qd2 Kh7 31. Re3 Kg6 32. Qe2 Kf6 $2 {[#]} (32... Rf6 $11 {and Black has nothing to worry.}) 33. Nd1 $2 (33. Ne4+ $1 $18 {[%mdl 512]} dxe4 34. fxe4) 33... b4 34. axb4 axb4 35. Qe1 b3 36. Re2 {next Ne3 is good for White.} e5 $2 {[%mdl 8192]} (36... Kg6 $11 {and Black is okay.}) 37. dxe5+ $2 ({Better is} 37. g4 $18) 37... Rxe5 $11 38. Rxe5 Qxe5 39. Qf2 Nf5 40. Qf1 $2 {[%mdl 8192] [#]} (40. Qb6+ $15 Kf7 41. Kf2) 40... Ne3 $1 $19 {[%cal Re3f1]} 41. Nxe3 Qxe3+ {[%mdl 4096] Endgame KQ-KQ} 42. Kh1 Qd2 43. Qg1 $2 (43. Qa1 {was forced.}) 43... Kf5 (43... Qxb2 $2 44. Qd4+ Ke6 45. Qe3+ Kf7 46. Kh2 $19) (43... d4 $142 44. Kh2 Qf4+ 45. Kh1 dxc3 46. bxc3 Qd2) 44. Qc5 {[#]} Kf4 $1 ({And not} 44... Qxb2 45. Qf8+ Kg6 46. Qd6+ Kh7 47. Qe7+ Kg8 48. Qxg5+ Kh7 49. Qxh5+ Kg7 50. Qg5+ Kf8 51. Qf4+ Kg7 52. Qe5+ Kg6 53. Qe6+ Kh7 54. Qe5 $11) 45. Qd6+ $2 (45. Kh2) 45... Ke3 46. Qe6+ Kf2 {Black mates.} 47. Kh2 Qf4+ 48. Kh1 Qc1+ {[%mdl 64] Double Attack} 49. Kh2 Qg1# {Never resign too early! Accuracy: White = 46%, Black = 65%.} 0-1

[Event "Stay Safe Play From Home 264"]
[Site "Emanuel Lasker Arena"]
[Date "2020.06.29"]
[Round "4"]
[White "Klasman"]
[Black "Haris kollari 13"]
[Result "0-1"]
[WhiteElo "1563"]
[BlackElo "1859"]
[Annotator "NA"]
[PlyCount "56"]
[EventDate "2020.06.29"]
[EventType "swiss (blitz)"]

1. f4 {[%emt 0:00:04]} d5 {[%emt 0:00:02]} 2. Nf3 {[%emt 0:00:01]} c5 {[%emt 0:00:01]} 3. e3 {[%emt 0:00:01]} Nc6 {[%emt 0:00:01]} 4. c4 {[%emt 0:00:01]} e6 {[%emt 0:00:03]} 5. d4 {[%emt 0:00:01]} dxc4 {[%emt 0:00:02]} 6. Bxc4 {[%emt 0:00:02]} cxd4 {[%emt 0:00:01]} 7. Nxd4 {[%emt 0:00:03]} Nxd4 {[%emt 0:00:01]} 8. exd4 {[%emt 0:00:02]} Nf6 {[%emt 0:00:04]} 9. O-O {[%emt 0:00:07]} Be7 {[%emt 0:00:03]} 10. Bb5+ {[%emt 0:00:01]} Bd7 {[%emt 0:00:01]} 11. Qa4 {[%emt 0:00:09]} O-O {[%emt 0:00:01]} 12. Bxd7 {[%emt 0:00:06]} Qxd7 {[%emt 0:00:01]} 13. Qxd7 {[%emt 0:00:02]} Nxd7 {[%emt 0:00:01]} 14. Nc3 {[%emt 0:00:01]} Rfd8 {[%emt 0:00:02]} 15. Be3 {[%emt 0:00:02]} a6 {[%emt 0:00:03]} 16. Rac1 {[%emt 0:00:02]} Nf6 {[%emt 0:00:01]} 17. f5 {[%emt 0:00:03]} exf5 {[%emt 0:00:05]} 18. Rxf5 {[%emt 0:00:02]} Rac8 {[%emt 0:00:01]} 19. Rd1 {[%emt 0:00:17]} Bb4 {[%emt 0:00:04]} 20. Rd3 {[%emt 0:00:12]} Re8 {[%emt 0:00:04]} 21. Bg5 {[%emt 0:00:04]} Bxc3 {[%emt 0:00:13]} 22. bxc3 {[%emt 0:00:03]} Ne4 {[%emt 0:00:02]} 23. Rdf3 {[%emt 0:00:21]} f6 {[%emt 0:00:01]} 24. Bh4 {[%emt 0:00:58]} Nxc3 {[%emt 0:00:01]} 25. Rg3 {[%emt 0:00:04]} Ne2+ {[%emt 0:00:02]} 26. Kf2 {[%emt 0:00:03]} Nxg3 {[%emt 0:00:01]} 27. Bxg3 {[%emt 0:00:01]} Rc2+ {[%emt 0:00:01]} 28. Kf3 {[%emt 0:00:02]} Rxa2 {[%emt 0:00:01] Time (Lag: Av=0.43s, max=0.8s)} 0-1

[Event "Stay Safe Play From Home 264"]
[Site "Emanuel Lasker Arena"]
[Date "2020.06.29"]
[Round "5"]
[White "AChessPlayer"]
[Black "Edmatuag"]
[Result "1-0"]
[WhiteElo "2199"]
[BlackElo "1690"]
[PlyCount "111"]
[EventDate "2020.06.29"]
[EventType "swiss (blitz)"]

1. d4 {[%emt 0:00:01]} c6 {[%emt 0:00:01]} 2. c4 {[%emt 0:00:01]} Nf6 {[%emt 0:00:03]} 3. Nf3 {[%emt 0:00:01]} d5 {[%emt 0:00:01]} 4. Nc3 {[%emt 0:00:01]} e6 {[%emt 0:00:02]} 5. Bg5 {[%emt 0:00:01]} Bb4 {[%emt 0:00:02]} 6. e3 {[%emt 0:00:03]} Nbd7 {[%emt 0:00:01]} 7. cxd5 {[%emt 0:00:06]} exd5 {[%emt 0:00:07]} 8. Bd3 {[%emt 0:00:01]} Qa5 {[%emt 0:00:02]} 9. Qc2 {[%emt 0:00:04]} Ne4 {[%emt 0:00:02]} 10. Bxe4 {[%emt 0:00:01]} dxe4 {[%emt 0:00:03]} 11. Qxe4+ {[%emt 0:00:01]} Kf8 {[%emt 0:00:05]} 12. O-O {[%emt 0:00:04]} f6 {[%emt 0:00:11]} 13. Bh4 {[%emt 0:00:04]} Kf7 {[%emt 0:00:03]} 14. Qc2 {[%emt 0:00:03]} Bxc3 {[%emt 0:00:07]} 15. bxc3 {[%emt 0:00:01]} Nb6 {[%emt 0:00:02]} 16. e4 {[%emt 0:00:09]} Re8 {[%emt 0:00:03]} 17. e5 {[%emt 0:00:01]} Nd7 {[%emt 0:00:03]} 18. Qxh7 {[%emt 0:00:02]} Nf8 {[%emt 0:00:03]} 19. Qh5+ {[%emt 0:00:01]} g6 {[%emt 0:00:03]} 20. Qh8 {[%emt 0:00:01]} g5 {[%emt 0:00:12]} 21. Qxf6+ {[%emt 0:00:05]} Kg8 {[%emt 0:00:03]} 22. Nxg5 {[%emt 0:00:00]} Qc7 {[%emt 0:00:04]} 23. Ne4 {[%emt 0:00:07]} Qg7 {[%emt 0:00:06]} 24. Qf4 {[%emt 0:00:03]} Nd7 {[%emt 0:00:05]} 25. Nf6+ {[%emt 0:00:03]} Nxf6 {[%emt 0:00:01]} 26. Bxf6 {[%emt 0:00:00]} Qg6 {[%emt 0:00:01]} 27. Qh4 {[%emt 0:00:01]} Kf7 {[%emt 0:00:02]} 28. f4 {[%emt 0:00:02]} Bf5 {[%emt 0:00:02]} 29. Rf3 {[%emt 0:00:06]} Rg8 {[%emt 0:00:02]} 30. Rg3 {[%emt 0:00:01]} Qh7 {[%emt 0:00:03]} 31. Qxh7+ {[%emt 0:00:02]} Bxh7 {[%emt 0:00:02]} 32. Rxg8 {[%emt 0:00:00]} Rxg8 {[%emt 0:00:02]} 33. h3 {[%emt 0:00:00]} Bf5 {[%emt 0:00:03]} 34. g4 {[%emt 0:00:02]} Ke6 {[%emt 0:00:02]} 35. Kf2 {[%emt 0:00:01]} Be4 {[%emt 0:00:01]} 36. Ke3 {[%emt 0:00:01]} Bd5 {[%emt 0:00:02]} 37. f5+ {[%emt 0:00:01]} Kf7 {[%emt 0:00:02]} 38. Kf4 {[%emt 0:00:00]} Bc4 {[%emt 0:00:01]} 39. g5 {[%emt 0:00:01]} b5 {[%emt 0:00:02]} 40. h4 {[%emt 0:00:00]} Rd8 {[%emt 0:00:02]} 41. h5 {[%emt 0:00:02]} Rd7 {[%emt 0:00:02]} 42. g6+ {[%emt 0:00:00]} Kg8 {[%emt 0:00:01]} 43. h6 {[%emt 0:00:00]} Bd3 {[%emt 0:00:03]} 44. Rh1 {[%emt 0:00:00]} Rh7 {[%emt 0:00:03]} 45. gxh7+ {[%emt 0:00:01]} Kxh7 {[%emt 0:00:00]} 46. Rg1 {[%emt 0:00:01]} Kxh6 {[%emt 0:00:03]} 47. Rg8 {[%emt 0:00:01]} Bxf5 {[%emt 0:00:03]} 48. Rh8+ {[%emt 0:00:00]} Bh7 {[%emt 0:00:01]} 49. e6 {[%emt 0:00:00]} Kg6 {[%emt 0:00:01]} 50. Rxh7 {[%emt 0:00:01]} Kxh7 {[%emt 0:00:01]} 51. e7 {[%emt 0:00:00]} Kg6 {[%emt 0:00:00]} 52. e8=Q+ {[%emt 0:00:00]} Kxf6 {[%emt 0:00:01]} 53. Qxc6+ {[%emt 0:00:00]} Ke7 {[%emt 0:00:03]} 54. d5 {[%emt 0:00:00]} a5 {[%emt 0:00:02]} 55. d6+ {[%emt 0:00:00]} Kd8 {[%emt 0:00:02]} 56. Qc7+ {[%emt 0:00:00] Edmatuag resigns (Lag: Av=0.81s, max=1.5s)} 1-0

[Event "Stay Safe Play From Home 264"]
[Site "Emanuel Lasker Arena"]
[Date "2020.06.29"]
[Round "5"]
[White "Weltszmerc"]
[Black "Matanant"]
[Result "1-0"]
[WhiteElo "2001"]
[BlackElo "1917"]
[PlyCount "55"]
[EventDate "2020.06.29"]
[EventType "swiss (blitz)"]

1. d4 {[%emt 0:00:01]} e6 {[%emt 0:00:01]} 2. c4 {[%emt 0:00:01]} f5 {[%emt 0:00:01]} 3. h3 {[%emt 0:00:02]} Nf6 {[%emt 0:00:00]} 4. g4 {[%emt 0:00:01]} d5 {[%emt 0:00:03]} 5. g5 {[%emt 0:00:03]} Ne4 {[%emt 0:00:05]} 6. h4 {[%emt 0:00:00]} dxc4 {[%emt 0:00:05]} 7. e3 {[%emt 0:00:03]} Nd6 {[%emt 0:00:02]} 8. Nd2 {[%emt 0:00:05]} g6 {[%emt 0:00:01]} 9. Nxc4 {[%emt 0:00:02]} Bg7 {[%emt 0:00:02]} 10. f4 {[%emt 0:00:04]} O-O {[%emt 0:00:02]} 11. h5 {[%emt 0:00:01]} b6 {[%emt 0:00:03]} 12. Bg2 {[%emt 0:00:04]} Nxc4 {[%emt 0:00:05]} 13. Bxa8 {[%emt 0:00:01]} c6 {[%emt 0:00:01]} 14. Qb3 {[%emt 0:00:03]} Na5 {[%emt 0:00:03]} 15. Qc2 {[%emt 0:00:12]} Qe7 {[%emt 0:00:07]} 16. Bd2 {[%emt 0:00:04]} Nb7 {[%emt 0:00:11]} 17. Nf3 {[%emt 0:00:04]} Nd6 {[%emt 0:00:04]} 18. Ne5 {[%emt 0:00:04]} Qc7 {[%emt 0:00:03]} 19. hxg6 {[%emt 0:00:03]} hxg6 {[%emt 0:00:02]} 20. Nxg6 {[%emt 0:00:02]} Ne4 {[%emt 0:00:04]} 21. Nxf8 {[%emt 0:00:04]} Bxf8 {[%emt 0:00:03]} 22. Bc3 {[%emt 0:00:18]} Bd7 {[%emt 0:00:02]} 23. O-O-O {[%emt 0:00:02]} Na6 {[%emt 0:00:04]} 24. d5 {[%emt 0:00:00]} cxd5 {[%emt 0:00:15]} 25. Rh8+ {[%emt 0:00:02]} Kf7 {[%emt 0:00:01]} 26. g6+ {[%emt 0:00:01]} Kxg6 {[%emt 0:00:17]} 27. Rxf8 {[%emt 0:00:02]} Nac5 {[%emt 0:00:07]} 28. Qg2+ {[%emt 0:00:01] Matanant resigns (Lag: Av=0.87s, max=1.2s)} 1-0

[Event "Stay Safe Play From Home 264"]
[Site "Emanuel Lasker Arena"]
[Date "2020.06.29"]
[Round "5"]
[White "Dukic"]
[Black "NeatFox"]
[Result "1-0"]
[WhiteElo "1906"]
[BlackElo "1809"]
[PlyCount "119"]
[EventDate "2020.06.29"]
[EventType "swiss (blitz)"]

1. c4 {[%emt 0:00:03]} g6 {[%emt 0:00:01]} 2. Nc3 {[%emt 0:00:01]} Bg7 {[%emt 0:00:00]} 3. d4 {[%emt 0:00:01]} c5 {[%emt 0:00:01]} 4. Nf3 {[%emt 0:00:01]} cxd4 {[%emt 0:00:01]} 5. Nxd4 {[%emt 0:00:01]} Nc6 {[%emt 0:00:00]} 6. Nc2 {[%emt 0:00:01]} Nf6 {[%emt 0:00:02]} 7. g3 {[%emt 0:00:01]} O-O {[%emt 0:00:01]} 8. Bg2 {[%emt 0:00:01]} e6 {[%emt 0:00:01]} 9. Bf4 {[%emt 0:00:05]} b6 {[%emt 0:00:09]} 10. Bd6 {[%emt 0:00:03]} Re8 {[%emt 0:00:02]} 11. Nb5 {[%emt 0:00:06]} Bb7 {[%emt 0:00:09]} 12. Nc7 {[%emt 0:00:04]} Rc8 {[%emt 0:00:01]} 13. Nxe8 {[%emt 0:00:03]} Qxe8 {[%emt 0:00:00]} 14. O-O {[%emt 0:00:03]} Na5 {[%emt 0:00:06]} 15. Bxb7 {[%emt 0:00:05]} Nxb7 {[%emt 0:00:00]} 16. Be5 {[%emt 0:00:03]} Rxc4 {[%emt 0:00:02]} 17. Ne3 {[%emt 0:00:02]} Rc8 {[%emt 0:00:03]} 18. b4 {[%emt 0:00:15]} d5 {[%emt 0:00:01]} 19. Qd4 {[%emt 0:00:05]} Qe7 {[%emt 0:00:04]} 20. Rfc1 {[%emt 0:00:03]} Rxc1+ {[%emt 0:00:08]} 21. Rxc1 {[%emt 0:00:02]} Nd6 {[%emt 0:00:03]} 22. Qc3 {[%emt 0:00:27]} Nde8 {[%emt 0:00:11]} 23. Qc8 {[%emt 0:00:04]} Nh5 {[%emt 0:00:08]} 24. Bxg7 {[%emt 0:00:05]} Nhxg7 {[%emt 0:00:02]} 25. a3 {[%emt 0:00:06]} h5 {[%emt 0:00:03]} 26. h4 {[%emt 0:00:03]} Kh7 {[%emt 0:00:01]} 27. Qb8 {[%emt 0:00:05]} Nf5 {[%emt 0:00:10]} 28. Nxf5 {[%emt 0:00:02]} gxf5 {[%emt 0:00:00]} 29. e3 {[%emt 0:00:02]} a5 {[%emt 0:00:08]} 30. Qxb6 {[%emt 0:00:03]} axb4 {[%emt 0:00:01]} 31. Qxb4 {[%emt 0:00:02]} Qa7 {[%emt 0:00:04]} 32. a4 {[%emt 0:00:01]} Nc7 {[%emt 0:00:02]} 33. a5 {[%emt 0:00:01]} Na6 {[%emt 0:00:04]} 34. Qb6 {[%emt 0:00:01]} Qa8 {[%emt 0:00:01]} 35. Rb1 {[%emt 0:00:08]} Kg6 {[%emt 0:00:02]} 36. Qb7 {[%emt 0:00:01]} Qxb7 {[%emt 0:00:03]} 37. Rxb7 {[%emt 0:00:01]} Nc5 {[%emt 0:00:01]} 38. Rc7 {[%emt 0:00:02]} Na6 {[%emt 0:00:02]} 39. Rc6 {[%emt 0:00:01]} Nb8 {[%emt 0:00:01]} 40. Rd6 {[%emt 0:00:04]} Kf6 {[%emt 0:00:02]} 41. a6 {[%emt 0:00:01]} Ke5 {[%emt 0:00:06]} 42. a7 {[%emt 0:00:01]} Kxd6 {[%emt 0:00:02]} 43. axb8=Q+ {[%emt 0:00:02]} Ke7 {[%emt 0:00:00]} 44. Qc7+ {[%emt 0:00:02]} Kf6 {[%emt 0:00:00]} 45. f4 {[%emt 0:00:01]} Kg6 {[%emt 0:00:02]} 46. Qe5 {[%emt 0:00:01]} Kh7 {[%emt 0:00:03]} 47. Kf2 {[%emt 0:00:01]} Kg6 {[%emt 0:00:01]} 48. Kf3 {[%emt 0:00:01]} Kh7 {[%emt 0:00:00]} 49. Qf6 {[%emt 0:00:01]} Kg8 {[%emt 0:00:01]} 50. Ke2 {[%emt 0:00:02]} Kf8 {[%emt 0:00:01]} 51. Kd3 {[%emt 0:00:01]} Ke8 {[%emt 0:00:01]} 52. Kd4 {[%emt 0:00:00]} Kd7 {[%emt 0:00:01]} 53. Kc5 {[%emt 0:00:01]} Kc7 {[%emt 0:00:01]} 54. Qxf7+ {[%emt 0:00:01]} Kd8 {[%emt 0:00:01]} 55. Qxe6 {[%emt 0:00:01]} d4 {[%emt 0:00:02]} 56. exd4 {[%emt 0:00:02]} Kc7 {[%emt 0:00:02]} 57. d5 {[%emt 0:00:00]} Kb8 {[%emt 0:00:01]} 58. Qe7 {[%emt 0:00:01]} Ka8 {[%emt 0:00:01]} 59. Kb6 {[%emt 0:00:00]} Kb8 {[%emt 0:00:00]} 60. Qb7# {[%emt 0:00:01] (Lag: Av=0.41s, max=0.8s)} 1-0